000 00719nam a22002297a 4500
999 _c64540
_d64540
005 20240530110737.0
008 180904s2008 le a g b 000 0 ara d
017 _bمصر. دار الكتب
020 _a9953753539
040 _aEG-CaGPL
_cEG-CaGPL
082 0 4 _221
_a224.2\
_bس ف
100 0 _aسيد رضوان على
245 0 1 _aفوائد فى مشكل القران /
_bسيد رضوان على
250 _aط.1
260 _aالقاهرة :
_bدار الشروق ،
_c2008 .
300 _a326 ص. ؛
_c24 سم.
490 _aروائع التراث الاسلامى
650 0 7 _2qrmak
_aالقران
651 _2qrmak
942 _2ddc
_cBK